Estonian Counties - Statistics

General Stats
  • This quiz has been taken 98 times
  • The average score is 12 of 15
Answer Stats
Answer % Correct
Tartu
94%
Hiiu
92%
Lääne
88%
Saare
88%
Harju
85%
Ida-Viru
85%
Pärnu
85%
Võru
85%
Lääne-Viru
81%
Valga
79%
Järva
77%
Rapla
77%
Jõgeva
75%
Põlva
75%
Viljandi
75%
No matching quizzes found
Score Distribution
Percent of People with Each Score
Percentile by Number Answered
Your Score History
You have not taken this quiz